Piłkarze Legii Warszawa - nagła śmierć - Statystyki

Ogólne statystyki
  • Ten quiz został rozwiązany 840 razy
  • Średni wynik to 7 z 25
Answers on the Grid
Answers color-coded by a green-red scale on the quiz's grid according to % correct below.
Kazimierz Deyna
Lucjan Brychczy
Bernard Blaut
Janusz Żmijewski
Lesław Ćmikiewicz
Robert Gadocha
Dariusz Dziekanowski
Wojciech Kowalczyk
Jacek Zieliński
Leszek Pisz
Roman Kosecki
Maciej Szczęsny
Artur Boruc
Ernest Pohl
Tomas Pekhart
Artur Jędrzejczyk
Miroslav Radovic
Stefan Majewski
Łukasz Fabiański
Paweł Janas
Dariusz Kubicki
Michał Kucharczyk
Jerzy Podbrożny
Maciej Rybus
Andrzej Buncol
Grzegorz Lato
Włodzimierz Lubański
Jerzy Gorgoń
Andrzej Szarmach
Zygmunt Maszczyk
Władysław Żmuda
Marek Leśniak
Andrzej Juskowiak
Tomasz Hajto
Piotr Nowak
Jan Urban
Adam Matysek
Gerard Cieślik
Igor Angulo
Łukasz Piszczek
Semir Stilic
Roman Wójcicki
Jerzy Dudek
Wojciech Szczęsny
Roman Szewczyk
Marcin Baszczyński
Radosław Sobolewski
Piotr Reiss
Dariusz Dudka
Zbigniew Boniek
 
Statystyki odpowiedzi
Odpowiedź % Poprawnych
Artur Jędrzejczyk
51%
Artur Boruc
50%
Kazimierz Deyna
49%
Miroslav Radovic
44%
Tomas Pekhart
44%
Michał Kucharczyk
43%
Łukasz Fabiański
42%
Maciej Rybus
41%
Lucjan Brychczy
35%
Maciej Szczęsny
34%
Roman Kosecki
34%
Wojciech Kowalczyk
33%
Jacek Zieliński
32%
Dariusz Dziekanowski
26%
Leszek Pisz
24%
Jerzy Podbrożny
18%
Paweł Janas
16%
Robert Gadocha
12%
Dariusz Kubicki
10%
Ernest Pohl
8%
Lesław Ćmikiewicz
7%
Stefan Majewski
6%
Andrzej Buncol
5%
Bernard Blaut
5%
Janusz Żmijewski
5%
Nie znaleziono quizów pasujących do podanych kryteriów
Rozkład punktacji
Procent ludzi z każdym wynikiem
Percentyl według liczby udzielonych odpowiedzi
Twoja historia wyników
Nie rozwiązałeś tego quizu